Vojennyje usilija Rossii v mirovoj vojne. /

Uložené v:
Podrobná bibliografia
Hlavný autor: Golovin, Nikolaj Nikolajevič (Author)
Médium: Kniha
Jazyk:Russian
Vydané: Moskva : Kučkovo pole, 2001
Vydanie:1. vyd.
Témy:
ISBN: 5860900678 (viaz.)
Fyzický popis: 434 s.
Tagy: Pridať tag
Žiadne tagy, Buďte prvý kto otaguje tento záznam!

MARC

LEADER 00000nam a2200000 a 4500
001 000079080
003 SVKK
005 20021021000000.0
008 021004s2001 ru e ruso
020 |a 5860900678 (viaz.) 
040 |a SVKKK  |b slo  |c SVKKK  |e AACR2 
041 0 |a rus 
044 |a ru  |c RU 
080 |a 94(100)"1914/1918"  |2 1997 
080 |a 94(470+571)"1914/1918"  |2 1997 
100 1 |a Golovin, Nikolaj Nikolajevič  |4 aut 
245 1 0 |a Vojennyje usilija Rossii v mirovoj vojne. /  |c Nikolaj Nikolajevič Golovin 
250 |a 1. vyd. 
260 |a Moskva :  |b Kučkovo pole,  |c 2001 
300 |a 434 s. 
653 0 |a vojna svetová prvá  |2 SVKKKPH 
653 0 |a Rusko  |2 SVKKKPH 
655 7 |a príručky  |2 SVKKKPH 
910 |a svkkk 
919 |a 5-86090-067-8 
974 |a UH  |d 20021018 
974 |a KL  |d 20021016 
974 |a MI  |d 20021021 
998 |a BK 
090 |g SCKHL  |k Sklad Pribinova prízemie  |a IV.186680  |j 948625  |i 2720151781  |s Absenčne